| 000 | 00415cam a22001217a 4500 | ||
|---|---|---|---|
| 008 | 180718b1940 xxu||||| |||| 00| 0 eng d | ||
| 082 | _aA99 Iy9/49 | ||
| 100 | _aIyar, A. Padmanabha | ||
| 245 |
_aSouvenir of the Sashtiabdapurthi of Sachiivothama Sir C.P. Ramaswami Aiyar, Dewan of Travancore _cby A. Padmanabha Iyar |
||
| 260 |
_aTrivandrum _bARV Press _c1940 |
||
| 300 | _av.p. | ||
| 650 | _aIyar, C.P. Ramaswami, 1879 | ||
| 999 |
_c371209 _d371209 |
||